| 000 | 00784nam a2200205Ia 4500 | ||
|---|---|---|---|
| 003 | OSt | ||
| 005 | 20201005132340.0 | ||
| 008 | 191128t1985 sp gr 000 0 spa d | ||
| 040 |
_aCO-JMCR _cCO-JMCR |
||
| 041 | 0 | _aspa | |
| 082 | 0 | 4 |
_a972.02 / _bC831c _223 |
| 100 | 1 |
_aCortés, Hernán, _eautor _93903 |
|
| 245 | 1 | 0 |
_aCartas de la conquista de México / _cHernán Cortés |
| 260 |
_aMadrid : _bSarpe, _c©1985 |
||
| 300 |
_a242 Páginas ; _c20 cm. |
||
| 505 | 0 | _aCarta primera, enviada a la reina doña Juana y al emperador Carlos V, su hijo, por la justicia y regimiento de Villa Rica Veracruz, a 10 de julio de 1519 -- | |
| 600 | 1 | 4 |
_aCortés, Hernán, _xcorrespondencia, memorias _y1485-1547 _911199 |
| 651 | 1 | 4 |
_aMéxico _vconquista _xhistoria _y1519-1540 _911200 |
| 942 |
_2ddc _cBK |
||
| 999 |
_c3669 _d3669 |
||